| 000 | 00853nam a2200277 i 4500 | ||
|---|---|---|---|
| 999 |
_c200440412 _d58624 |
||
| 003 | TR-AnTOB | ||
| 005 | 20220513100439.0 | ||
| 007 | ta | ||
| 008 | 210416s1981 tu g 00| 0 tur d | ||
| 040 |
_aTR-AnTOB _beng _erda _cTR-AnTOB |
||
| 041 | 0 | _atur | |
| 050 | 1 | 4 |
_aKKX3655 _b.A835 1981 |
| 090 |
_aKKX3655 _b.A835 1981 |
||
| 100 | 1 |
_aAtak, Ahmet _eauthor _9129897 |
|
| 245 | 1 | 0 |
_a2464 sayılı yeni belediye gelirleri kanunu / _cAhmet Atak, Erhan Pekkan. |
| 264 | 1 |
_aAnkara: _bKadıoğlu Matbaacılık, _c1981 |
|
| 300 |
_a269 pages ; _c24 cm |
||
| 336 |
_2rdacontent _atext _btxt |
||
| 337 |
_2rdamedia _aunmediated _bn |
||
| 338 |
_2rdacarrier _avolume _bnc |
||
| 653 | _aBelediye maliyesi--Hukuk ve mevzuat--Türkiye | ||
| 700 | 1 |
_aPekkan, Erhan _eauthor _9129898 |
|
| 942 |
_2lcc _cBK |
||